Kill Bill Volumen 1 /
El día de su boda, una asesina profesional (Thurman) sufre el ataque de algunos miembros de su propia banda, que obedecen las órdenes de Bill (David Carradine), el jefe de la organización criminal. Logra sobrevivir al ataque, aunque queda en coma. Cuatro años después despierta dominada por un gran d...
Guardado en:
| Autor Principal: | |
|---|---|
| Autor Corporativo: | |
| Otros Autores: | , , |
| Formato: | |
| Idioma: | Undetermined |
| Publicado: |
Estados Unidos :
Miramax,
2003.
|
| Materias: | |
| Etiquetas: |
Agregar Etiqueta
Sin Etiquetas, Sea el primero en etiquetar este registro!
|
| LEADER | 01159ngm a22002415a 4500 | ||
|---|---|---|---|
| 001 | CEM.cems020559 | ||
| 008 | 231012s2003####xx#---############vlund#d | ||
| 005 | 20231012201206.0 | ||
| 245 | 1 | 0 | |a Kill Bill |h [videograbación] : |b Volumen 1 / |c Quentin Tarantino. |
| 260 | |a Estados Unidos : |b Miramax, |c 2003. | ||
| 300 | |a 110'. | ||
| 520 | |a El día de su boda, una asesina profesional (Thurman) sufre el ataque de algunos miembros de su propia banda, que obedecen las órdenes de Bill (David Carradine), el jefe de la organización criminal. Logra sobrevivir al ataque, aunque queda en coma. Cuatro años después despierta dominada por un gran deseo de venganza. | ||
| 590 | |a Identificación anterior: 236 | ||
| 538 | |a Soporte: DVD -- Formato: AVI Peso: 804mb -- Resolución: 640 x 253 -- 23 fps | ||
| 500 | |a Idioma: Inglés Subtítulos: Español. | ||
| 100 | 1 | |a Tarantino, Quentin. | |
| 700 | 1 | |a Thurman, Uma; Reparto. | |
| 700 | 1 | |a Liu, Lucy; Reparto. | |
| 700 | 1 | |a Carradine, David; Reparto. | |
| 710 | 2 | |a A Band Apart. | |
| 653 | |a LARGOMETRAJE | ||
| 653 | |a FICCIÓN | ||
| 859 | |a CEMS |b BIB. CEMS - Depto. Recursos Didacticos |h 778.5 |i TAR-1 |k DRD |p 3180.23 |t Ej.1 | ||
